Typológia osobnosti. /
Uložené v:
| Hlavný autor: | |
|---|---|
| Médium: | Kniha |
| Jazyk: | Slovak |
| Vydané: |
Žilina :
MASM, vydavateľstvo,
1997
|
| Vydanie: | 1. vyd. |
| Edícia: | Personálny manažment a rozvoj ľudských zdrojov
3.-V./97. |
| Témy: | |
| ISBN: |
8085348314 (brož.) |
| Fyzický popis: |
24 s. |
| Tagy: |
Pridať tag
Žiadne tagy, Buďte prvý kto otaguje tento záznam!
|
Titul je dostupný aj v ... 

MARC
| LEADER | 00000nam a2200000 a 4500 | ||
|---|---|---|---|
| 001 | 000048613 | ||
| 003 | SVKK | ||
| 005 | 19980216000000.0 | ||
| 008 | 971015s1997 xo e sloo | ||
| 020 | |a 8085348314 (brož.) | ||
| 040 | |a SVKKK |b slo |c SVKKK |e AACR2 | ||
| 041 | 0 | |a slo | |
| 044 | |a xo |c SK | ||
| 080 | |a 159.923(075) |2 1997 | ||
| 100 | 1 | |a Kozáková, Zdena |4 aut | |
| 245 | 1 | 0 | |a Typológia osobnosti. / |c Zdena Kozáková |
| 250 | |a 1. vyd. | ||
| 260 | |a Žilina : |b MASM, vydavateľstvo, |c 1997 | ||
| 300 | |a 24 s. | ||
| 440 | 0 | |a Personálny manažment a rozvoj ľudských zdrojov |v 3.-V./97. | |
| 653 | 0 | |a osobnosť (psych.) |2 SVKKKPH | |
| 653 | 0 | |a typológia (psych.) |2 SVKKKPH | |
| 653 | 0 | |a texty učebné |2 SVKKKPH | |
| 655 | 7 | |a učebnice |2 SVKKKPH | |
| 910 | |a svkkk | ||
| 919 | |a 80-85348-31-4 | ||
| 974 | |a MI |d 19971119 | ||
| 974 | |a DB |d 19971230 | ||
| 974 | |a EG |d 19980216 | ||
| 998 | |a BK | ||
| 090 | |g SCKHL |k Sklad Pribinova 3. posch. |a V.200539 |j 911828 |i 48613-10 |4 Nevymožiteľná |s Vyradená | ||